000 00793nam a22002177a 4500
005 20130507151239.0
010 _aB-497895-907
020 _c325.00
035 _aB-497895-907
037 _adpl
_bKalpana Book Distributors
082 _a050
245 _aCompetition Success Review year book 2013 /
_cedited by S.K. Sachdeva
246 _aCompetition Success Review
260 _aNew Delhi
_bCompetition Review Pvt. Ltd.
_c2013
270 _a604 Prabhat Kiran, Rajendra place,
_bNew Delhi
_e110008
300 _a982p.
_c22cm
_bill., maps , photos
500 _aLatest wall maps of India and world
700 _dSachdeva,S.K
942 _2ddc
_cEN
_mCOM
_h050
999 _c75194
_d75194